[Event "2. Open Fincas Mediterranea"]
[Site "Castelldefels ESP"]
[Date "2005.08.23"]
[Round "7.4"]
[White "Milov, Leonid"]
[Black "Rios, Alejandro"]
[Result "1/2-1/2"]
[WhiteElo "2482"]
[BlackElo "2282"]
[PlyCount "150"]
[EventDate "2005.08.17"]
[EventType "swiss"]
[EventRounds "9"]
[EventCountry "ESP"]
[Source "lmi"]
[SourceDate "2005.08.25"]

1. e4 e5 2. Nf3 Nc6 3. d4 exd4 4. Nxd4 Nf6 5. Nxc6 bxc6 6. e5 Qe7 7. Qe2 Nd5 8.
c4 Ba6 9. b3 O-O-O 10. Bb2 Kb8 11. Nd2 Nf4 12. Qe3 Ne6 13. O-O-O Qc5 14. Qxc5
Bxc5 15. Ne4 Be7 16. g3 g5 17. c5 Bxf1 18. Rhxf1 Rhg8 19. b4 Rg6 20. f3 Rh6 21.
Rd2 Kc8 22. Rff2 Rg8 23. Kc2 Rgg6 24. Kb3 Rh3 25. Bc3 Rgh6 26. a3 Rg6 27. Rg2
Rgh6 28. Rgf2 Rg6 29. Kc4 Rgh6 30. Rde2 Rg6 31. Rg2 Rgh6 32. Rgf2 Rg6 33. Kb3
Rgh6 34. a4 Rg6 35. Kc4 a6 36. Ra2 Rhh6 37. Kd3 Rh3 38. Rg2 Rgh6 39. Rgf2 Rg6
40. Rfb2 Rhh6 41. Kc4 Nd8 42. Rg2 Nb7 43. b5 cxb5+ 44. axb5 axb5+ 45. Kxb5 Nxc5
46. Nxc5 Rb6+ 47. Kc4 Rhc6 48. Ra8+ Rb8 49. Rxb8+ Kxb8 50. Rb2+ Kc8 51. Bd4
Bxc5 52. Bxc5 d6 53. exd6 cxd6 54. Rb5 Kd7 55. Kd5 Rxc5+ 56. Rxc5 dxc5 57. Kxc5
Ke6 58. Kd4 Kf5 59. Kd5 h5 60. Kd4 h4 61. Kd5 g4 62. f4 hxg3 63. hxg3 f6 64.
Kd4 Ke6 65. Kc5 Kd7 66. Kd5 Ke7 67. f5 Kd7 68. Kc5 Kc7 69. Kd4 Kd6 70. Ke4 Kc5
71. Ke3 Kd5 72. Kf4 Kd4 73. Kxg4 Ke4 74. Kh5 Kxf5 75. g4+ Kf4 1/2-1/2

[Event "2. Open Fincas Mediterranea"]
[Site "Castelldefels ESP"]
[Date "2005.08.23"]
[Round "7.5"]
[White "Lerch Gallemi, Jose Maria"]
[Black "Panelo, Marcelo"]
[Result "1-0"]
[WhiteElo "2267"]
[BlackElo "2404"]
[PlyCount "101"]
[EventDate "2005.08.17"]
[EventType "swiss"]
[EventRounds "9"]
[EventCountry "ESP"]
[Source "lmi"]
[SourceDate "2005.08.25"]

1. e4 c5 2. Nc3 d6 3. f4 g6 4. Nf3 Bg7 5. Bb5+ Bd7 6. a4 Nc6 7. Bxc6 Bxc6 8. d3
Nf6 9. O-O O-O 10. Qe1 e6 11. f5 exf5 12. exf5 Qd7 13. Qh4 Qxf5 14. Bg5 Nd5 15.
Ne4 f6 16. Bh6 g5 17. Nfxg5 fxg5 18. Rxf5 gxh4 19. Rg5 Rf7 20. Nxd6 Raf8 21.
Nxf7 Rxf7 22. Rf1 Rxf1+ 23. Kxf1 Ne3+ 24. Kf2 Nf5 25. Bxg7 Nxg7 26. Rxc5 Bxa4
27. Rc4 Bc6 28. Rxh4 a5 29. c4 a4 30. d4 Nf5 31. Rf4 Bd7 32. g4 Nd6 33. d5 Kg7
34. Ke3 b6 35. Kd4 Nb7 36. Ke5 Nc5 37. Kd6 Be8 38. Ke7 Bd7 39. h3 h5 40. gxh5
Bxh3 41. Rf6 Nd7 42. Rf7+ Kh6 43. Kd6 Nc5 44. Kc6 Nd3 45. Kb5 Nxb2 46. d6 a3
47. d7 a2 48. d8=Q a1=Q 49. Qf6+ Kxh5 50. Qh8+ Kg4 51. Qg8+ 1-0

[Event "2. Open Fincas Mediterranea"]
[Site "Castelldefels ESP"]
[Date "2005.08.23"]
[Round "7.8"]
[White "Wong Castañeda, Arturo"]
[Black "Iglesias, Jorge"]
[Result "0-1"]
[WhiteElo "2182"]
[BlackElo "2355"]
[PlyCount "92"]
[EventDate "2005.08.17"]
[EventType "swiss"]
[EventRounds "9"]
[EventCountry "ESP"]
[Source "lmi"]
[SourceDate "2005.08.25"]

1. e4 c5 2. Nf3 e6 3. Nc3 Nc6 4. Bb5 Nge7 5. O-O a6 6. Bxc6 Nxc6 7. d3 d6 8.
Bg5 f6 9. Bd2 Be7 10. Ne2 O-O 11. c3 d5 12. Qc2 Kh8 13. Rad1 e5 14. h3 Be6 15.
Ng3 b5 16. Nh4 Rf7 17. Nhf5 Bf8 18. a3 Rd7 19. Rfe1 a5 20. Ne3 d4 21. Nef1 dxc3
22. bxc3 Rxd3 23. Be3 Rxd1 24. Rxd1 Qc7 25. Qe2 c4 26. Qb2 b4 27. axb4 axb4 28.
cxb4 Bxb4 29. Ne2 Ra3 30. Bd2 Bc5 31. Nc3 Rb3 32. Qa2 h6 33. Nd5 Bxd5 34. exd5
Nd4 35. Be3 Qd8 36. Nd2 Ne2+ 37. Kf1 Nc3 38. Qc2 Nxd1 39. Bxc5 Qxd5 40. Qxd1
Rd3 41. Be3 c3 42. Bxh6 cxd2 43. Be3 Kg8 44. Ke2 Qc4 45. g3 e4 46. Bxd2 Rxg3+
0-1

[Event "2. Open Fincas Mediterranea"]
[Site "Castelldefels ESP"]
[Date "2005.08.23"]
[Round "7.10"]
[White "Marin, Irina Luiza"]
[Black "Navarro Perez, Manuel"]
[Result "1-0"]
[WhiteElo "2224"]
[BlackElo "2075"]
[PlyCount "61"]
[EventDate "2005.08.17"]
[EventType "swiss"]
[EventRounds "9"]
[EventCountry "ESP"]
[Source "lmi"]
[SourceDate "2005.08.25"]

1. c4 e5 2. g3 Nc6 3. Bg2 f5 4. Nc3 Nf6 5. a3 a5 6. Rb1 Bc5 7. e3 e4 8. d4 exd3
9. Qxd3 Ne5 10. Qxf5 d6 11. Qc2 O-O 12. Nf3 Nfg4 13. Nxe5 Nxe5 14. b4 Bf5 15.
Ne4 axb4 16. axb4 Bb6 17. O-O Qe7 18. Bb2 c6 19. c5 Bc7 20. cxd6 Bxd6 21. Rbd1
Nf7 22. Qb3 Bxe4 23. Bxe4 Bxb4 24. Bf5 Rad8 25. Rxd8 Rxd8 26. Be6 Kf8 27. Bxf7
Qxf7 28. Qxb4+ Kg8 29. Qc3 Rc8 30. Ra1 b5 31. e4 1-0

[Event "2. Open Fincas Mediterranea"]
[Site "Castelldefels ESP"]
[Date "2005.08.23"]
[Round "7.11"]
[White "Sanz Bastos, Fernando"]
[Black "Sucher, Johannes"]
[Result "0-1"]
[WhiteElo "2043"]
[BlackElo "2207"]
[PlyCount "44"]
[EventDate "2005.08.17"]
[EventType "swiss"]
[EventRounds "9"]
[EventCountry "ESP"]
[Source "lmi"]
[SourceDate "2005.08.25"]

1. e4 d6 2. g3 g6 3. Bg2 Bg7 4. c3 c5 5. Ne2 Nc6 6. O-O e5 7. d3 Nge7 8. Be3
O-O 9. Qd2 b6 10. f4 d5 11. fxe5 Nxe5 12. Bf4 dxe4 13. Bxe4 Bh3 14. Re1 N7c6
15. Na3 f5 16. Bh1 Rc8 17. d4 cxd4 18. cxd4 Ng4 19. d5 b5 20. Be3 Nxe3 21. Qxe3
Re8 22. Qd2 Qb6+ 0-1

[Event "2. Open Fincas Mediterranea"]
[Site "Castelldefels ESP"]
[Date "2005.08.23"]
[Round "7.12"]
[White "Martin Canfran, Ruben"]
[Black "Catarineu Navines, Federico"]
[Result "1-0"]
[WhiteElo "2202"]
[BlackElo "2051"]
[PlyCount "55"]
[EventDate "2005.08.17"]
[EventType "swiss"]
[EventRounds "9"]
[EventCountry "ESP"]
[Source "lmi"]
[SourceDate "2005.08.25"]

1. Nf3 d5 2. d4 Nf6 3. c4 c6 4. Nc3 e6 5. g3 Be7 6. Bg2 Nbd7 7. O-O O-O 8. b3
b6 9. Qc2 Bb7 10. Rd1 Rc8 11. e4 dxe4 12. Nxe4 Nxe4 13. Qxe4 Nf6 14. Qc2 Qc7
15. Bf4 Bd6 16. Be5 Bxe5 17. dxe5 Nd7 18. Ng5 g6 19. f4 c5 20. Bxb7 Qxb7 21.
Rd6 Nb8 22. Rad1 Nc6 23. Qg2 h6 24. Nxe6 fxe6 25. Rxe6 Rf7 26. Rxg6+ Rg7 27.
Rdd6 Rxg6 28. Rxg6+ 1-0

[Event "2. Open Fincas Mediterranea"]
[Site "Castelldefels ESP"]
[Date "2005.08.23"]
[Round "7.13"]
[White "Porras Dalmau, Daniel"]
[Black "Avila Jimenez, Javier"]
[Result "1-0"]
[WhiteElo "1906"]
[BlackElo "2194"]
[PlyCount "121"]
[EventDate "2005.08.17"]
[EventType "swiss"]
[EventRounds "9"]
[EventCountry "ESP"]
[Source "lmi"]
[SourceDate "2005.08.25"]

1. d4 d5 2. c4 c6 3. Nf3 Nf6 4. cxd5 cxd5 5. Nc3 Nc6 6. Bf4 Qb6 7. Na4 Qb4+ 8.
Bd2 Qd6 9. e3 Ne4 10. Nc3 Nxd2 11. Qxd2 Bg4 12. Be2 e6 13. Ne5 Bxe2 14. Qxe2 f6
15. Qh5+ g6 16. Nxg6 hxg6 17. Qxh8 Kf7 18. O-O Rd8 19. Qh7+ Bg7 20. Qh3 Qb4 21.
Ne2 Rh8 22. Qg3 Qxb2 23. Qc7+ Ne7 24. Ng3 Rc8 25. Qa5 Nc6 26. Qe1 Qa3 27. Qc1
Qa6 28. Qc2 b6 29. Rfc1 f5 30. Qe2 Qa4 31. Rab1 Qa3 32. Qb5 Ne7 33. Rxc8 Nxc8
34. Qb3 Qa5 35. Rc1 Ne7 36. Ne2 b5 37. Nf4 Bf8 38. Nd3 g5 39. Ne5+ Kg8 40. g3
Bg7 41. Nc6 Nxc6 42. Rxc6 f4 43. Qc2 Qe1+ 44. Kg2 fxe3 45. fxe3 Qxe3 46. Qg6
Qe2+ 47. Kh3 Qf1+ 48. Kg4 Qe2+ 49. Kxg5 Qd2+ 50. Kg4 Qe2+ 51. Kh3 Qf1+ 52. Kh4
Qf6+ 53. Qxf6 Bxf6+ 54. Kh5 Bxd4 55. Kg6 Kf8 56. Rxe6 Bg1 57. h4 a5 58. h5 b4
59. h6 a4 60. h7 Bd4 61. Rf6+ 1-0

[Event "2. Open Fincas Mediterranea"]
[Site "Castelldefels ESP"]
[Date "2005.08.23"]
[Round "7.14"]
[White "Kluss, Kai"]
[Black "Porras Mateo, Felipe"]
[Result "1-0"]
[WhiteElo "2192"]
[BlackElo "2043"]
[PlyCount "89"]
[EventDate "2005.08.17"]
[EventType "swiss"]
[EventRounds "9"]
[EventCountry "ESP"]
[Source "lmi"]
[SourceDate "2005.08.25"]

1. d4 Nf6 2. c4 e6 3. Nc3 d5 4. Bg5 Be7 5. e3 Nbd7 6. Nf3 c6 7. Qc2 O-O 8. Rd1
h6 9. Bh4 b6 10. g4 g5 11. Bg3 Nxg4 12. h4 f5 13. hxg5 hxg5 14. Be2 Rf7 15. Kd2
Rg7 16. Kc1 Qf8 17. Rh5 Rh7 18. Rxh7 Kxh7 19. cxd5 cxd5 20. Nxg5+ Bxg5 21. Bxg4
Nf6 22. Bf3 Bd7 23. Rh1+ Kg6 24. Be5 Kf7 25. Bh5+ Nxh5 26. Rxh5 Kg6 27. Rh2 Bf6
28. f4 Bxe5 29. fxe5 Kf7 30. Kb1 Qg7 31. Rg2 Qh7 32. Rg1 Qh3 33. Qd3 Rc8 34. a3
Rc7 35. Ka2 Qf3 36. Qd2 Qh3 37. Qe1 Qh6 38. Rh1 Qg6 39. Rh8 Kg7 40. Qh4 Bc6 41.
Qd8 Qf7 42. Rg8+ Kh7 43. Rf8 Qe7 44. Rh8+ Kg6 45. Qg8+ 1-0

[Event "2. Open Fincas Mediterranea"]
[Site "Castelldefels ESP"]
[Date "2005.08.23"]
[Round "7.15"]
[White "Lopez Artigas, Sergio"]
[Black "Sprenger, Wendelin"]
[Result "0-1"]
[WhiteElo "1993"]
[BlackElo "2174"]
[PlyCount "64"]
[EventDate "2005.08.17"]
[EventType "swiss"]
[EventRounds "9"]
[EventCountry "ESP"]
[Source "lmi"]
[SourceDate "2005.08.25"]

1. e4 c5 2. Nf3 d6 3. d4 cxd4 4. Nxd4 Nf6 5. Nc3 g6 6. Be3 Bg7 7. f3 O-O 8. Qd2
Nc6 9. O-O-O d5 10. Nxc6 bxc6 11. e5 Nd7 12. f4 Qa5 13. Kb1 Rb8 14. Ne2 Qc7 15.
h4 Ba6 16. h5 e6 17. hxg6 fxg6 18. Nd4 Bxf1 19. Rdxf1 c5 20. Nf3 d4 21. Bf2 Nb6
22. Qa5 Qc6 23. Qa6 Rxf4 24. Bh4 Rbf8 25. Bg5 R4f7 26. Bh6 Bxh6 27. Rxh6 Qe4
28. b3 c4 29. Rfh1 d3 30. Kb2 d2 31. Qa3 c3+ 32. Kb1 Rxf3 0-1

[Event "2. Open Fincas Mediterranea"]
[Site "Castelldefels ESP"]
[Date "2005.08.23"]
[Round "7.16"]
[White "Bernasconi, Roberto"]
[Black "Maleki, Manuel"]
[Result "1-0"]
[WhiteElo "1853"]
[BlackElo "2119"]
[PlyCount "74"]
[EventDate "2005.08.17"]
[EventType "swiss"]
[EventRounds "9"]
[EventCountry "ESP"]
[Source "lmi"]
[SourceDate "2005.08.25"]

1. e4 d6 2. d4 g6 3. Nf3 Bg7 4. Nc3 c6 5. a4 a5 6. Be2 Nf6 7. Be3 Na6 8. O-O
Nb4 9. Nd2 O-O 10. f4 e5 11. fxe5 dxe5 12. Nc4 exd4 13. Bxd4 Be6 14. Na3 Qe7
15. Qe1 Nd7 16. Bxg7 Kxg7 17. Qg3 Qc5+ 18. Kh1 Qe5 19. Qh4 Nf6 20. Bc4 Rad8 21.
Bxe6 Qxe6 22. e5 Qxe5 23. Rae1 Rd4 24. Rxe5 Rxh4 25. Rxa5 Rd8 26. g3 Rhd4 27.
Ra7 R8d7 28. Rf4 Rxf4 29. gxf4 Nh5 30. Ne2 Re7 31. Nd4 Nxf4 32. Kg1 c5 33. Nb3
Nc6 34. Ra8 Re1+ 35. Kf2 Re2+ 36. Kg3 g5 37. Kg4 Kf6 1-0

[Event "2. Open Fincas Mediterranea"]
[Site "Castelldefels ESP"]
[Date "2005.08.23"]
[Round "7.19"]
[White "Escobar Torres, Antonio"]
[Black "Giraud, Sylvain"]
[Result "1-0"]
[WhiteElo "2095"]
[BlackElo "2015"]
[PlyCount "84"]
[EventDate "2005.08.17"]
[EventType "swiss"]
[EventRounds "9"]
[EventCountry "ESP"]
[Source "lmi"]
[SourceDate "2005.08.25"]

1. Nf3 Nf6 2. b3 b6 3. Bb2 Bb7 4. g3 e6 5. Bg2 c5 6. O-O d5 7. d3 Nbd7 8. Nbd2
Be7 9. Re1 O-O 10. e4 dxe4 11. dxe4 Qc7 12. e5 Nd5 13. h4 Rad8 14. Qe2 Nb4 15.
Ne4 c4 16. a3 Bxe4 17. Qxe4 c3 18. Bc1 Nd5 19. Ng5 Bxg5 20. Bxg5 Rde8 21. Rad1
f6 22. exf6 N7xf6 23. Qe2 h6 24. Bc1 Qf7 25. Rd3 Qg6 26. Bh3 e5 27. Bg2 e4 28.
Rd4 Qf5 29. Red1 e3 30. f4 Nc7 31. R1d3 Nb5 32. Rc4 Ne4 33. Bxe3 Nxa3 34. g4
Qh7 35. Rcd4 Ng3 36. Qf3 Nxc2 37. Qxg3 Nxd4 38. Bxd4 c2 39. Bb2 Re1+ 40. Qxe1
Qxd3 41. Qe6+ Kh8 42. Qxh6+ Qh7 1-0

[Event "2. Open Fincas Mediterranea"]
[Site "Castelldefels ESP"]
[Date "2005.08.23"]
[Round "7.20"]
[White "Rodriguez Vega, Blas"]
[Black "Sanchez, Jose Edgar"]
[Result "1-0"]
[WhiteElo "2166"]
[BlackElo "1968"]
[PlyCount "49"]
[EventDate "2005.08.17"]
[EventType "swiss"]
[EventRounds "9"]
[EventCountry "ESP"]
[Source "lmi"]
[SourceDate "2005.08.25"]

1. e4 e6 2. d4 d5 3. Be3 Nf6 4. e5 Nfd7 5. f4 c5 6. c3 Qb6 7. Qd2 Nc6 8. Nf3 f5
9. Ng5 cxd4 10. cxd4 Bb4 11. Nc3 Nd8 12. Be2 O-O 13. O-O h6 14. Nf3 a6 15. Kh1
Be7 16. Rg1 Qb4 17. g4 Nb6 18. b3 Bd7 19. a3 Qa5 20. b4 Nc4 21. Bxc4 Qc7 22.
Bd3 fxg4 23. Rxg4 Rc8 24. Rag1 g5 25. Ne2 1-0

[Event "2. Open Fincas Mediterranea"]
[Site "Castelldefels ESP"]
[Date "2005.08.24"]
[Round "8.2"]
[White "Hamdouchi, Hichem"]
[Black "Lerch Gallemi, Jose Maria"]
[Result "1-0"]
[WhiteElo "2567"]
[BlackElo "2267"]
[PlyCount "63"]
[EventDate "2005.08.17"]
[EventType "swiss"]
[EventRounds "9"]
[EventCountry "ESP"]
[Source "lmi"]
[SourceDate "2005.08.25"]

1. e4 g6 2. d4 Bg7 3. Nc3 c6 4. Nf3 d6 5. Be3 Bg4 6. Bc4 e6 7. h3 Bxf3 8. Qxf3
Ne7 9. Bb3 d5 10. O-O-O O-O 11. h4 f5 12. exd5 exd5 13. h5 f4 14. Bd2 g5 15. h6
Bf6 16. g3 Ng6 17. gxf4 gxf4 18. Ne2 Nd7 19. Rdg1 Kh8 20. c3 Nb6 21. Kb1 c5 22.
dxc5 Nc4 23. Bc1 Nge5 24. Qxf4 Nd3 25. Qg3 Nxc1 26. Kxc1 Qe7 27. Qd3 Qxc5 28.
Rg7 Bxg7 29. hxg7+ Kxg7 30. Qxh7+ Kf6 31. Rh6+ Ke5 32. Qg7+ 1-0

[Event "2. Open Fincas Mediterranea"]
[Site "Castelldefels ESP"]
[Date "2005.08.24"]
[Round "8.3"]
[White "Rios, Alejandro"]
[Black "Peralta, Fernando"]
[Result "1/2-1/2"]
[WhiteElo "2282"]
[BlackElo "2552"]
[PlyCount "54"]
[EventDate "2005.08.17"]
[EventType "swiss"]
[EventRounds "9"]
[EventCountry "ESP"]
[Source "lmi"]
[SourceDate "2005.08.25"]

1. e4 d6 2. d4 Nf6 3. Nc3 g6 4. f3 c6 5. Be3 Qb6 6. b3 Bg7 7. Qd2 Nbd7 8. Nge2
Qc7 9. Bh6 Bxh6 10. Qxh6 b5 11. a4 b4 12. Nd1 c5 13. Qd2 Ba6 14. Ne3 Bxe2 15.
Bxe2 cxd4 16. Qxd4 Qc5 17. O-O-O O-O 18. Bb5 Rfc8 19. Bxd7 Nxd7 20. Qxc5 Nxc5
21. Kb2 Kf8 22. Rd4 a5 23. Rhd1 Nd7 24. Nc4 Rc5 25. Rd5 Rxc4 26. bxc4 Nb6 27.
Kb3 Nxd5 1/2-1/2

[Event "2. Open Fincas Mediterranea"]
[Site "Castelldefels ESP"]
[Date "2005.08.24"]
[Round "8.4"]
[White "Megaranto, Susanto"]
[Black "Purnama, Tirta Chandra"]
[Result "1/2-1/2"]
[WhiteElo "2499"]
[BlackElo "2337"]
[PlyCount "20"]
[EventDate "2005.08.17"]
[EventType "swiss"]
[EventRounds "9"]
[EventCountry "ESP"]
[Source "lmi"]
[SourceDate "2005.08.25"]

1. d4 d5 2. Nf3 Nf6 3. c4 c6 4. e3 e6 5. Nbd2 Nbd7 6. Bd3 Bd6 7. O-O O-O 8. e4
dxe4 9. Nxe4 Nxe4 10. Bxe4 Nf6 1/2-1/2

[Event "2. Open Fincas Mediterranea"]
[Site "Castelldefels ESP"]
[Date "2005.08.24"]
[Round "8.12"]
[White "Hernando Rodrigo, Julio A"]
[Black "Porras Dalmau, Daniel"]
[Result "1-0"]
[WhiteElo "2371"]
[BlackElo "1906"]
[PlyCount "31"]
[EventDate "2005.08.17"]
[EventType "swiss"]
[EventRounds "9"]
[EventCountry "ESP"]
[Source "lmi"]
[SourceDate "2005.08.25"]

1. d4 d5 2. Nf3 c6 3. c4 e6 4. g3 Nf6 5. Bg2 Bd6 6. O-O O-O 7. Qc2 Nbd7 8. Rd1
Qe7 9. Nc3 b6 10. e4 dxe4 11. Nxe4 Nxe4 12. Qxe4 Bb7 13. Bg5 Nf6 14. Qh4 Rfe8
15. Ne5 Rac8 16. Ng4 1-0

[Event "2. Open Fincas Mediterranea"]
[Site "Castelldefels ESP"]
[Date "2005.08.24"]
[Round "8.13"]
[White "Gonzalez Valenzuela, Didac"]
[Black "Raineri, Pablo"]
[Result "1/2-1/2"]
[WhiteElo "2112"]
[BlackElo "2241"]
[PlyCount "71"]
[EventDate "2005.08.17"]
[EventType "swiss"]
[EventRounds "9"]
[EventCountry "ESP"]
[Source "lmi"]
[SourceDate "2005.08.25"]

1. d4 d5 2. c4 c6 3. Nc3 Nf6 4. Nf3 dxc4 5. a4 Bf5 6. Ne5 Nbd7 7. Nxc4 Nb6 8.
Ne5 a5 9. f3 Nfd7 10. Nxd7 Nxd7 11. e4 Bg6 12. Qb3 e5 13. Be3 Bb4 14. Rd1 Qe7
15. Be2 exd4 16. Bxd4 Nc5 17. Qc2 Ne6 18. Bf2 O-O 19. O-O Bc5 20. Bc4 Nf4 21.
Kh1 Rad8 22. Bg3 Nh5 23. Bf2 Bxf2 24. Qxf2 Qb4 25. Ba2 Nf4 26. Rd2 Nd3 27. Qe2
Nc5 28. Rxd8 Rxd8 29. Rd1 Rxd1+ 30. Qxd1 h5 31. Qc2 Qd4 32. h3 h4 33. Bb1 Qe3
34. Qd1 Ne6 35. Ne2 Bh5 36. Qd3 1/2-1/2

[Event "2. Open Fincas Mediterranea"]
[Site "Castelldefels ESP"]
[Date "2005.08.24"]
[Round "8.15"]
[White "Rios Torondell, Jaume"]
[Black "Rodriguez Vega, Blas"]
[Result "1-0"]
[WhiteElo "2037"]
[BlackElo "2166"]
[PlyCount "83"]
[EventDate "2005.08.17"]
[EventType "swiss"]
[EventRounds "9"]
[EventCountry "ESP"]
[Source "lmi"]
[SourceDate "2005.08.25"]

1. e4 d5 2. exd5 Qxd5 3. Nc3 Qa5 4. d4 Nf6 5. Nf3 Bf5 6. Ne5 c6 7. Nc4 Qd8 8.
Ne3 Bg6 9. Be2 e6 10. O-O Bb4 11. Bf3 O-O 12. Ne2 Qc7 13. Nc4 Rd8 14. Bf4 Qc8
15. c3 Be7 16. Ne5 Be4 17. Bxe4 Nxe4 18. Qc2 Nf6 19. g4 Nbd7 20. Nxf7 Kxf7 21.
g5 Nd5 22. Qxh7 Nf8 23. Qh5+ g6 24. Qf3 Ke8 25. h4 Bd6 26. h5 Nxf4 27. Nxf4
Bxf4 28. Qxf4 Qd7 29. Rae1 Qf7 30. Qg3 Rd5 31. h6 Rad8 32. f4 Kd7 33. c4 Rxd4
34. Rd1 Ke8 35. Rxd4 Rxd4 36. Qe3 c5 37. Qe5 Qf5 38. Qb8+ Rd8 39. Qxb7 Rd2 40.
Qc8+ Kf7 41. Qb7+ Kg8 42. Qg7# 1-0

[Event "2. Open Fincas Mediterranea"]
[Site "Castelldefels ESP"]
[Date "2005.08.24"]
[Round "8.16"]
[White "Giacomelli Panyella, Frederic"]
[Black "Ruiz Arenas, Carlos"]
[Result "1-0"]
[WhiteElo "2112"]
[BlackElo "1810"]
[PlyCount "61"]
[EventDate "2005.08.17"]
[EventType "swiss"]
[EventRounds "9"]
[EventCountry "ESP"]
[Source "lmi"]
[SourceDate "2005.08.25"]

1. d4 Nf6 2. c4 e6 3. Nf3 c5 4. d5 d6 5. Nc3 Be7 6. e4 e5 7. h3 Bd7 8. Be3 Na6
9. Be2 Nc7 10. Nxe5 dxe5 11. d6 Bxh3 12. Bxc5 Bxg2 13. Rg1 Bxe4 14. dxe7 Qxd1+
15. Rxd1 Ne6 16. Bd6 Bg6 17. Bxe5 Kxe7 18. Nd5+ Nxd5 19. cxd5 f6 20. Bh2 Nd8
21. Rc1 a6 22. Rc7+ Ke8 23. Rg3 Nf7 24. Re3+ Kf8 25. Rxb7 Rd8 26. Bc4 h5 27. d6
Rh7 28. d7 Bf5 29. Re8+ Rxe8+ 30. dxe8=Q+ Kxe8 31. Bxf7+ 1-0

[Event "2. Open Fincas Mediterranea"]
[Site "Castelldefels ESP"]
[Date "2005.08.24"]
[Round "8.18"]
[White "Avila Jimenez, Javier"]
[Black "Diaz Moron, Agustin"]
[Result "1-0"]
[WhiteElo "2194"]
[BlackElo "1992"]
[PlyCount "99"]
[EventDate "2005.08.17"]
[EventType "swiss"]
[EventRounds "9"]
[EventCountry "ESP"]
[Source "lmi"]
[SourceDate "2005.08.25"]

1. d4 d5 2. c4 e5 3. dxe5 d4 4. Nf3 Nc6 5. g3 Be6 6. Qb3 Qd7 7. Bg2 O-O-O 8.
O-O Na5 9. Qb5 Qxb5 10. cxb5 Bc4 11. Bd2 b6 12. b4 Nb7 13. a4 Bxe2 14. Rc1 Kb8
15. Na3 d3 16. Nc4 f6 17. Bc3 Be7 18. Nd4 Rxd4 19. Bxd4 Bxb4 20. Rcb1 Bc5 21.
Bc3 fxe5 22. Nxe5 Nf6 23. Nc6+ Ka8 24. h3 Re8 25. a5 Ne4 26. axb6 Bxf2+ 27. Kh1
Bxb6 28. Rxa7+ Bxa7 29. Ra1 Na5 30. Rxa5 Kb7 31. Nxa7 Kb6 32. Ra6+ Kc5 33. Rc6+
Kd5 34. Rxc7 Kd6 35. Rc6+ Kd7 36. Bxe4 Rxe4 37. Kg2 Bh5 38. g4 Bg6 39. Nc8 Re8
40. Nb6+ Ke7 41. Bb4+ Kf7 42. Rc7+ Kg8 43. Rc8 Kf7 44. Rxe8 Kxe8 45. Nc4 Be4+
46. Kf2 Kd8 47. Ba5+ Kd7 48. Ke3 Bg2 49. h4 Bf1 50. Ne5+ 1-0

[Event "2. Open Fincas Mediterranea"]
[Site "Castelldefels ESP"]
[Date "2005.08.24"]
[Round "8.20"]
[White "Navarro Perez, Manuel"]
[Black "Lopez Artigas, Sergio"]
[Result "1-0"]
[WhiteElo "2075"]
[BlackElo "1993"]
[PlyCount "53"]
[EventDate "2005.08.17"]
[EventType "swiss"]
[EventRounds "9"]
[EventCountry "ESP"]
[Source "lmi"]
[SourceDate "2005.08.25"]

1. e4 e6 2. d4 d5 3. exd5 exd5 4. Bd3 Bd6 5. Nc3 c6 6. Nge2 Nf6 7. Bg5 O-O 8.
Qd2 Be6 9. f3 Nbd7 10. g4 Qc7 11. O-O-O b5 12. h4 a5 13. h5 a4 14. Bf4 Nb6 15.
g5 Nfd7 16. Bxd6 Qxd6 17. g6 fxg6 18. hxg6 hxg6 19. Bxg6 Nc4 20. Qg5 Rf6 21.
Rdg1 Qb4 22. Nd1 Qa5 23. Bh5 g6 24. Bxg6 Kf8 25. Rh7 Bf7 26. Bxf7 Rxf7 27. Qg8+
1-0

[Event "2. Open Fincas Mediterranea"]
[Site "Castelldefels ESP"]
[Date "2005.08.25"]
[Round "9.1"]
[White "Hamdouchi, Hichem"]
[Black "Marin, Mihail"]
[Result "1/2-1/2"]
[WhiteElo "2567"]
[BlackElo "2537"]
[PlyCount "22"]
[EventDate "2005.08.17"]
[EventType "swiss"]
[EventRounds "9"]
[EventCountry "ESP"]
[Source "lmi"]
[SourceDate "2005.08.25"]

1. e4 e5 2. Nf3 Nc6 3. Bb5 a6 4. Ba4 Nf6 5. O-O Nxe4 6. Re1 Nc5 7. Nc3 Be7 8.
Nd5 O-O 9. Bxc6 dxc6 10. Nxe7+ Qxe7 11. d4 Ne6 1/2-1/2

[Event "2. Open Fincas Mediterranea"]
[Site "Castelldefels ESP"]
[Date "2005.08.25"]
[Round "9.3"]
[White "Peralta, Fernando"]
[Black "Halay, Taufik"]
[Result "1-0"]
[WhiteElo "2553"]
[BlackElo "2320"]
[PlyCount "98"]
[EventDate "2005.08.17"]
[EventType "swiss"]
[EventRounds "9"]
[EventCountry "ESP"]
[Source "lmi"]
[SourceDate "2005.08.25"]

1. Nf3 c5 2. c4 Nc6 3. e3 g6 4. d4 Bg7 5. d5 Nb4 6. e4 d6 7. a3 Na6 8. Nc3 Nf6
9. Bd3 O-O 10. O-O Nc7 11. Bg5 a6 12. a4 Rb8 13. a5 b5 14. axb6 Rxb6 15. Qc2
Bg4 16. Nd2 Bd7 17. h3 h6 18. Be3 e5 19. Na4 Rb4 20. Be2 Qe7 21. b3 Nh7 22. Nb2
f5 23. f3 f4 24. Bf2 Rbb8 25. Nd3 Qg5 26. Kh2 Qh5 27. Rfb1 Bf6 28. Qd1 Bh4 29.
Bxh4 Qxh4 30. Qe1 Qxe1 31. Rxe1 Rb6 32. Reb1 Rfb8 33. b4 cxb4 34. c5 dxc5 35.
Nxc5 Nf8 36. Nc4 Rb5 37. Nxa6 Nxa6 38. Rxa6 Rc5 39. Nxe5 b3 40. Bc4 b2 41. Ra2
Re8 42. Nxd7 Nxd7 43. Be2 Rec8 44. Rbxb2 Rc1 45. Ra6 R1c2 46. Rxg6+ Kf7 47.
Rxc2 Rxc2 48. Re6 Nf6 49. Bd3 Rd2 1-0

[Event "2. Open Fincas Mediterranea"]
[Site "Castelldefels ESP"]
[Date "2005.08.25"]
[Round "9.4"]
[White "Lerch Gallemi, Jose Maria"]
[Black "Megaranto, Susanto"]
[Result "0-1"]
[WhiteElo "2267"]
[BlackElo "2499"]
[PlyCount "102"]
[EventDate "2005.08.17"]
[EventType "swiss"]
[EventRounds "9"]
[EventCountry "ESP"]
[Source "lmi"]
[SourceDate "2005.08.25"]

1. e4 c6 2. d4 d5 3. exd5 cxd5 4. Bd3 Nc6 5. c3 Nf6 6. Bf4 g6 7. h3 Bg7 8. Nf3
O-O 9. O-O Bf5 10. Re1 Rc8 11. Bf1 h6 12. Ne5 g5 13. Bh2 Ne4 14. Nxc6 Rxc6 15.
Nd2 Rb6 16. Nxe4 Bxe4 17. b3 Rc6 18. Qd2 e6 19. c4 Kh8 20. Rac1 Rg8 21. c5 h5
22. b4 g4 23. Rc3 Kh7 24. b5 Rc8 25. hxg4 hxg4 26. c6 bxc6 27. bxc6 Qb6 28. Be5
Bxe5 29. dxe5 Rxc6 30. Rg3 Rg7 31. Qf4 Bf5 32. Rb3 Qc7 33. Bd3 Bxd3 34. Rxd3
Rc4 35. Qg3 Rg6 36. Rb3 Kg7 37. Qd3 Qc5 38. g3 Rg5 39. Qe3 Qxe3 40. Rbxe3 Rc2
41. R3e2 Rxe2 42. Rxe2 Rf5 43. Kg2 Rf3 44. Rb2 a5 45. Kf1 Rc3 46. Ke2 Kg6 47.
Kd1 Rf3 48. Re2 Kf5 49. Kc1 a4 50. Kd1 d4 51. Ke1 a3 0-1